A Lexicon of economics /

Saved in:
Bibliographic Details
Other Authors: Deane, Phyllis, Kuper, Jessica
Format: Book
Language:English
Published: London ; New York : Routledge, 1988.
Series:Social science lexicons
Subjects:
LEADER 01014nam a2200289 a 4500
001 c000172873
003 CARM
005 20040309094438.0
008 880615s1988 enk db 000 0 eng
019 1 |a 5917758  |5 LACONCORD2021 
020 |a 0415002346 
035 |a (OCoLC)18164660  |5 LACONCORD2021 
040 |a LC  |b eng  |c LC  |d LC 
050 0 0 |a HB61  |b .L427 1988 
050 1 4 |a HB61  |b .L427 1988 
082 0 4 |a 330/.03/21  |2 19 
245 0 2 |a A Lexicon of economics /  |c edited by Phyllis Deane and Jessica Kuper. 
260 |a London ;  |a New York :  |b Routledge,  |c 1988. 
300 |a xxvii, 380 p. ;  |c 20 cm. 
440 0 |a Social science lexicons 
504 |a Includes bibliographies. 
650 0 |a Economics  |x Dictionaries. 
700 1 |a Deane, Phyllis. 
700 1 |a Kuper, Jessica. 
852 8 |b CARM  |h A2:AJ02A0  |i B05307  |p 0165664  |f BK 
999 f f |i 75d95cae-78d4-5f2b-be0b-4fe4f2880779  |s ecded422-8c2b-50e9-a040-da5d6b3bcd48 
952 f f |p Can circulate  |a CAVAL  |b CAVAL  |c CAVAL  |d CARM 1 Store  |e B05307  |f A2:AJ02A0  |h Other scheme  |i book  |m 0165664